Catàleg del Col·legi de Periodistes de Catalunya

La dirección de comunicación (Registre núm. 1988)

000 -CABECERA
Longitud fija campo de control 00588nam a2200181 a 4500
001 - NÚMERO DE CONTROL
Número de control 1988
003 - IDENTIFICADOR DEL NÚMERO DE CONTROL
Identificador del número de control CDMR
005 - FECHA Y HORA DE LA ÚLTIMA TRANSACCIÓN
Fecha y hora de la última transacción 20130517121450.0
008 - CÓDIGOS DE INFORMACIÓN DE LONGITUD FIJA
Códigos de información de longitud fija 130130s1993||||||||||||||||||||||||||||d
040 ## - FUENTE DE LA CATALOGACIÓN
Centro catalogador de origen CDMR
Lengua de catalogación cat
Centro transcriptor CDMR
100 1# - PUNTO DE ACCESO PRINCIPAL-NOMBRE DE PERSONA
Nombre de persona Westphalen, Marie-Hélène
9 (RLIN) 1485
245 13 - MENCIÓN DE TÍTULO
Título La dirección de comunicación
Resto del título : prácticas profesionales : diccionario técnico
Mención de responsabilidad, etc. M H Westphalen i José Luis Piñuel
260 ## - PUBLICACIÓN, DISTRIBUCIÓN, ETC. (PIE DE IMPRENTA)
Lugar de publicación, distribución, etc. Madrid
Fecha de publicación, distribución, etc. 1993
Nombre del editor, distribuidor, etc. Ediciones del Prado
300 ## - DESCRIPCIÓN FÍSICA
Extensión 1246 p ;
Dimensiones 25 cm
650 04 - PUNTO DE ACCESO ADICIONAL DE MATERIA - TÉRMINO DE MATERIA
9 (RLIN) 2798
Término de materia o nombre geográfico como elemento inicial Comunicació en l'empresa
650 04 - PUNTO DE ACCESO ADICIONAL DE MATERIA - TÉRMINO DE MATERIA
9 (RLIN) 3463
Término de materia o nombre geográfico como elemento inicial Comunicació
Subdivisión de materia general Diccionaris
942 ## - ENTRADA DE ELEMENTOS AGREGADOS (KOHA)
Koha [por defecto] tipo de item Monografies
Fuente de clasificaión o esquema
Fons
Suprimido Perdido Estropeado No para préstamo Localización permanente Localización actual Fecha adquisición Préstamos totales Signatura completa Código de barras Fecha última consulta Fecha del precio de reemplazo Tipo de item de Koha
        Centre de Documentació Montserrat Roig Centre de Documentació Montserrat Roig 2013-01-16   Ba Ba440112201301161250 2013-01-16 2013-01-16 Referència i consulta general

Implantat amb Koha